| 000 | 01123cam a2200349 a 4500 | ||
|---|---|---|---|
| 001 | ocm30511435 | ||
| 003 | 0 | ||
| 005 | 20230123133734.0 | ||
| 008 | 940505s1995 nyua b 001 0 eng | ||
| 010 | _a94020346 | ||
| 015 | _aGB94-93944 | ||
| 020 |
_a0070203598 (acid-free paper) : _c$50.00 |
||
| 029 | 1 |
_aUKM _bb9493944 |
|
| 035 | _bH130 | ||
| 040 |
_aDLC _cNUST _dUKM _dUBA |
||
| 049 | _aMAIN | ||
| 090 | _aTK5105.55 | ||
| 100 | 1 | _aFeit, Sidnie. | |
| 245 | 1 | 0 |
_aSNMP : _ba guide to network management / _cSidnie M. Feit. |
| 260 |
_aNew York : _bMcGraw-Hill, _cc1995. |
||
| 300 |
_axxx, 674 p. : _bill. ; _c24 cm. |
||
| 440 | 0 | _aMcGraw-Hill series on computer communications | |
| 500 | _a"Includes SNMPv2"--Cover. | ||
| 504 | _aIncludes bibliographical references (p. 657-662) and index. | ||
| 650 | 0 | _aSimple Network Management Protocol (Computer network protocol) | |
| 650 | 0 |
_aComputer networks _xManagement. |
|
| 653 | 0 |
_aComputers _aNetworks _aManagement |
|
| 650 | 7 |
_aTeleinformatica _2larpcal |
|
| 907 |
_a.b10063663 _b09-06-04 _c17-04-03 |
||
| 994 |
_a92 _bZNA |
||
| 942 |
_cBOOKS _kTK5105.55 |
||
| 999 |
_c153797 _d153797 |
||